[Event "Francophone-ch rapid 3rd"]
[Site "Geneve"]
[Date "2016.07.02"]
[Round "3"]
[White "Flick, Antoine"]
[Black "Bauer, Christian"]
[Result "0-1"]
[WhiteElo "2318"]
[BlackElo "2621"]
[PlyCount "76"]
[EventDate "2016.07.02"]
[EventType "swiss (rapid)"]
[EventRounds "15"]
[EventCountry "SUI"]
[SourceTitle "CBM 173 Extra"]
[Source "ChessBase"]
[SourceDate "2016.08.29"]
[SourceVersion "1"]
[SourceVersionDate "2016.08.29"]
[SourceQuality "1"]

1. d4 a6 2. Nf3 e6 3. g3 c5 4. Bg2 cxd4 5. Nxd4 Qc7 6. 0-0 Nf6 7. b3 d5 8. Bb2 e5 9. Nf3 Nc6 10. Nbd2 Bf5 11. Rc1 h6 12. e3 Rd8 13. Qe2 Be7 14. Rfd1 0-0 15. c4 d4 16. exd4 exd4 17. Re1 Rfe8 18. Qd1 Bc5 19. Nh4 Bg4 20. Bf3 h5 21. Ng2 Ne5 22. Bxg4 hxg4 23. Nf4 Bb4 24. Rxe5 Rxe5 25. Nd3 Bxd2 26. Qxd2 Re4 27. Ba3 Rde8 28. Nc5 Re2 29. Qxd4 Rd8 30. Qc3 Qc6 31. Rf1 b6 32. Na4 Ne4 33. Qe5 Re8 34. Qd5 Qxd5 35. cxd5 Nd2 36. Nc3 Re1 37. Rxe1 Rxe1+ 38. Kg2 Nf3 0-1

[Event "Francophone-ch rapid 3rd"]
[Site "Geneve"]
[Date "2016.07.02"]
[Round "5"]
[White "Flick, Antoine"]
[Black "Berend, Fred"]
[Result "1-0"]
[WhiteElo "2318"]
[BlackElo "2328"]
[PlyCount "75"]
[EventDate "2016.07.02"]
[EventType "swiss (rapid)"]
[EventRounds "15"]
[EventCountry "SUI"]
[SourceTitle "CBM 173 Extra"]
[Source "ChessBase"]
[SourceDate "2016.08.29"]
[SourceVersion "1"]
[SourceVersionDate "2016.08.29"]
[SourceQuality "1"]

1. d4 d6 2. Nf3 Nf6 3. c4 g6 4. Nc3 Bg7 5. e4 0-0 6. h3 Na6 7. Be3 c6 8. Nd2 Nd7 9. g4 Nc7 10. Be2 a6 11. a4 Kh8 12. h4 f5 13. gxf5 gxf5 14. exf5 Rxf5 15. Bd3 Rf8 16. Nde4 Nf6 17. Ng5 Bg4 18. Qc2 h6 19. Bg6 Bh5 20. Bxh5 hxg5 21. hxg5 Nxh5 22. Rxh5+ Kg8 23. Qh7+ Kf7 24. g6+ Ke6 25. Qxg7 Qe8 26. Qh7 Kd7 27. 0-0-0 Rg8 28. Qf7 Rxg6 29. Qf5+ e6 30. Rh7+ Kc8 31. Qf7 Qxf7 32. Rxf7 b5 33. Rh1 Kb7 34. Rhh7 Rc8 35. Ne4 e5 36. dxe5 dxe5 37. Nc5+ Kb8 38. Nxa6+ 1-0

[Event "Francophone-ch rapid 3rd"]
[Site "Geneve"]
[Date "2016.07.02"]
[Round "7"]
[White "Flick, Antoine"]
[Black "Fioramonti, Hung"]
[Result "1-0"]
[WhiteElo "2318"]
[BlackElo "2320"]
[PlyCount "68"]
[EventDate "2016.07.02"]
[EventType "swiss (rapid)"]
[EventRounds "15"]
[EventCountry "SUI"]
[SourceTitle "CBM 173 Extra"]
[Source "ChessBase"]
[SourceDate "2016.08.29"]
[SourceVersion "1"]
[SourceVersionDate "2016.08.29"]
[SourceQuality "1"]

1. d4 Nc6 2. Nf3 d5 3. e3 Bg4 4. Be2 e6 5. 0-0 Nf6 6. Nbd2 Be7 7. b3 0-0 8. Bb2 Ne4 9. Nxe4 dxe4 10. Nd2 Bxe2 11. Qxe2 f5 12. Nc4 Bd6 13. Rfd1 Qh4 14. Ne5 Rf6 15. c4 Bxe5 16. dxe5 Rh6 17. h3 Rg6 18. Kh2 f4 19. exf4 Qxf4+ 20. g3 Qf5 21. Re1 Rf8 22. Kg2 Nxe5 23. Bxe5 Qxe5 24. Qxe4 Qc5 25. Re2 c6 26. Rd1 Rgf6 27. Rdd2 a5 28. h4 a4 29. Qd4 Qf5 30. Re3 axb3 31. axb3 Qb1 32. Qg4 Qc1 33. Ree2 Qc3 34. Rd7 Rf5 1-0

[Event "Graz op-A"]
[Site "Graz"]
[Date "2016.02.14"]
[Round "3"]
[White "Flick, Antoine"]
[Black "Colpe, Malte"]
[Result "0-1"]
[WhiteElo "2230"]
[BlackElo "2386"]
[PlyCount "68"]
[EventDate "2016.02.12"]
[EventType "swiss"]
[EventRounds "9"]
[EventCountry "AUT"]
[SourceTitle "CBM 170 Extra"]
[Source "ChessBase"]
[SourceDate "2016.02.25"]
[SourceVersion "1"]
[SourceVersionDate "2016.02.25"]
[SourceQuality "1"]

1. d4 d5 2. Nf3 Nf6 3. c4 e6 4. Nc3 dxc4 5. e3 a6 6. a4 c5 7. Bxc4 Nc6 8. 0-0 Be7 9. Qe2 cxd4 10. Rd1 0-0 11. exd4 Nb4 12. Ne5 Nfd5 13. Ne4 f6 14. Nf3 b6 15. Nc3 Bd7 16. Bd2 Kh8 17. Bb3 Re8 18. Re1 Bf8 19. Qe4 Bc6 20. Qh4 Nd3 21. Re2 g5 22. Bxg5 fxg5 23. Nxg5 Qd7 24. Nxd5 exd5 25. Rxe8 Rxe8 26. Bc2 Re4 27. Qg3 Nf4 28. Qf3 Qf5 29. Nxe4 dxe4 30. Qe3 Qg4 31. g3 Bh6 32. Qa3 e3 33. Qe7 exf2+ 34. Kxf2 Qf3+ 0-1